Titles in Common Quiz Stats

 Plays Quiz Updated Mar 24, 2020

     
Support Sporcle.
Go Orange.
Score 0/16 Timer 05:00
3 Plays Today
Author 1 (Year) Title % Correct
Alfred, Lord Tennyson
(1833)
Ulysses
61.2%
Dante Alighieri
(1308)
Inferno
58.3%
H.G. Wells
(1897)
(The) Invisible Man
55.4%

(c. 960 BCE)
Song of Solomon
22.2%
Sophocles
(442 BCE)
Antigone
18.2%
Aristophanes
(414 BCE)
The Birds
14.7%
Sir Philip Sidney
(c. 1580)
Arcadia
8.4%
Henry Wadsworth Longfellow
(1860)
The Children's Hour
5.5%
Author 1 (Year) Title % Correct
William Shakespeare
(1597)
Henry IV
4.7%
Thomas Paine
(1794)
The Age of Reason
4.1%
Aphra Behn
(1677)
The Rover
2.7%
Christopher Marlowe
(1593)
Edward II
2.3%
Marcel Proust
(1921)
Cities of the Plain
2.2%
Nathaniel Hawthorne
(1860)
The Marble Faun
2.1%
Henry James
(1892)
The Real Thing
2.1%
William Golding
(1955)
The Inheritors
1.9%

From the Vault

2000s Movies A-Z V

by ghcgh

Movies 6m
A quiz about 2000s movies will take way less time than a quiz about 2,000 movies.
Remove Ads.
Support Sporcle.
Get the best of Sporcle when you Go Orange. This ad-free experience offers more features, more stats, and more fun while also helping to support Sporcle. Thank you for becoming a member.

Show Comments

Extras

Top Quizzes Today


Score Distribution

Your Account Isn't Verified!

In order to create a playlist on Sporcle, you need to verify the email address you used during registration. Go to your Sporcle Settings to finish the process.

Report this User

Report this user for behavior that violates our Community Guidelines.

Details: